Calidad de servicio : (Record no. 103031)
[ view plain ]
| 000 -CABECERA | |
|---|---|
| campo de control de longitud fija | 00612nam a2200205 a 4500 |
| 005 - FECHA Y HORA DE LA ÚLTIMA TRANSACCIÓN | |
| campo de control | 20230209063804.0 |
| 008 - ELEMENTOS DE LONGITUD FIJA--INFORMACIÓN GENERAL | |
| campo de control de longitud fija | 031111s1991 mx r 000 0 spa d |
| 020 ## - NÚMERO INTERNACIONAL NORMALIZADO PARA LIBROS | |
| Número Internacional Estándar del Libro | 8479780010 |
| 035 ## - NÚMERO DE CONTROL DEL SISTEMA | |
| Número de control de sistema | UPN01000130874 |
| 049 ## - COLECCIÓN | |
| Colección | CG |
| 050 #4 - SIGNATURA TOPOGRÁFICA DE LA BIBLIOTECA DEL CONGRESO | |
| Número de clasificación | HF5415.5 |
| Número de documento/Ítem | L3.2 |
| 100 1# - ASIENTO PRINCIPAL--NOMBRE PERSONAL | |
| Nombre de persona | Larrea Angulo, Pedro |
| 245 10 - MENCIÓN DE TÍTULO | |
| Título | Calidad de servicio : |
| Resto del título | del marketing a la estrategia / |
| Mención de responsabilidad, etc. | Pedro Larrea. |
| 260 ## - PUBLICACIÓN, DISTRIBUCIÓN, ETC. | |
| Lugar de publicación, distribución, etc. | Madrid : |
| Nombre del editor, distribuidor, etc. | Díaz de Santos, |
| Fecha de publicación, distribución, etc. | 1991. |
| 300 ## - DESCRIPCIÓN FÍSICA | |
| Extensión | 274 p. : |
| Otras características físicas | il. |
| 650 #4 - ASIENTO SECUNDARIO DE MATERIA - TERMINO TEMATICO | |
| Término de materia o nombre geográfico como elemento de entrada | SERVICIOS AL CLIENTE - |
| Subdivisión general | MERCADOTECNIA |
| 9 (RLIN) | 26714 |
| 650 #4 - ASIENTO SECUNDARIO DE MATERIA - TERMINO TEMATICO | |
| Término de materia o nombre geográfico como elemento de entrada | Control de calidad |
| 9 (RLIN) | 10920 |
| 650 #2 - ASIENTO SECUNDARIO DE MATERIA - TERMINO TEMATICO | |
| Término de materia o nombre geográfico como elemento de entrada | Mercadotecnia |
| 9 (RLIN) | 5626 |
| 905 ## - TIPO DE MATERIAL | |
| Tipo de material | Libro |
| Estado de retiro | Estado de pérdida | Fuente del sistema de clasificación o colocación | Estado dañado | No para préstamo | Código de colección | Localización permanente | Ubicación/localización actual | Ubicación en estantería | Total de préstamos | Clasificación | Código de barras | Fecha visto por última vez | Número de copia | Tipo de ítem Koha |
|---|---|---|---|---|---|---|---|---|---|---|---|---|---|---|
| Library of Congress Classification | Colección General | Bib. Gregorio Torres Quintero | Bib. Gregorio Torres Quintero | Planta baja | 8 | HF5415.5 L3.2 | 220074 | 31/12/2020 | 1 | Libro |
